Electromagnetic theory and applications for photonic crystals / (Record no. 60618)

000 -LEADER
fixed length control field 01568cam a22003734a 4500
001 - CONTROL NUMBER
control field 13942218
003 - CONTROL NUMBER IDENTIFIER
control field NUST-PNEC
005 - DATE AND TIME OF LATEST TRANSACTION
control field 20170116180703.0
008 - FIXED-LENGTH DATA ELEMENTS--GENERAL INFORMATION
fixed length control field 050426s2006 flua b 001 0 eng
010 ## - LIBRARY OF CONGRESS CONTROL NUMBER
LC control number 2005041895
020 ## - INTERNATIONAL STANDARD BOOK NUMBER
International Standard Book Number 0849336775
035 ## - SYSTEM CONTROL NUMBER
System control number (OCoLC)ocm60188913
040 ## - CATALOGING SOURCE
Original cataloging agency DLC
Transcribing agency PNEC
042 ## - AUTHENTICATION CODE
Authentication code pcc
050 00 - LIBRARY OF CONGRESS CALL NUMBER
Classification number TA1522
Item number .E24 2006
082 00 - DEWEY DECIMAL CLASSIFICATION NUMBER
Classification number 621.36 YAS
Edition number 22
100 ## - MAIN ENTRY--PERSONAL NAME
9 (RLIN) 281
Personal name Yasumoto, Kiyotoshi
245 00 - TITLE STATEMENT
Title Electromagnetic theory and applications for photonic crystals /
Statement of responsibility, etc. edited by Kiyotoshi Yasumoto.
260 ## - PUBLICATION, DISTRIBUTION, ETC.
Place of publication, distribution, etc. Boca Raton, FL :
Name of publisher, distributor, etc. Taylor & Francis,
Date of publication, distribution, etc. 2006.
300 ## - PHYSICAL DESCRIPTION
Extent 448 p. :
Other physical details ill. ;
Dimensions 24 cm.
490 1# - SERIES STATEMENT
Series statement Optical science and engineering ;
Volume/sequential designation 102
500 ## - GENERAL NOTE
General note Includes Index http://www.amazon.com/Electromagnetic-Applications-Photonic-Crystals-Engineering/dp/0849336775/ref=sr_1_1?s=books&ie=UTF8&qid=1410594589&sr=1-1&keywords=0849336775
504 ## - BIBLIOGRAPHY, ETC. NOTE
Bibliography, etc. note Includes bibliographical references and index.
650 #0 - SUBJECT ADDED ENTRY--TOPICAL TERM
Topical term or geographic name entry element Photonics
General subdivision ME (Materials.)
650 #0 - SUBJECT ADDED ENTRY--TOPICAL TERM
Topical term or geographic name entry element Crystal optics
General subdivision ME
650 #0 - SUBJECT ADDED ENTRY--TOPICAL TERM
Topical term or geographic name entry element Electrooptics.
700 1# - ADDED ENTRY--PERSONAL NAME
Personal name Yasumoto, Kiyotoshi.
830 #0 - SERIES ADDED ENTRY--UNIFORM TITLE
Uniform title Optical science and engineering (Boca Raton, Fla.) ;
Volume/sequential designation 102.
856 42 - ELECTRONIC LOCATION AND ACCESS
Materials specified Publisher description
Uniform Resource Identifier <a href="http://www.loc.gov/catdir/enhancements/fy0648/2005041895-d.html">http://www.loc.gov/catdir/enhancements/fy0648/2005041895-d.html</a>
906 ## - LOCAL DATA ELEMENT F, LDF (RLIN)
a 7
b cbc
c orignew
d 1
e ocip
f 20
g y-gencatlg
942 ## - ADDED ENTRY ELEMENTS (KOHA)
Source of classification or shelving scheme
Koha item type Book
Holdings
Withdrawn status Lost status Source of classification or shelving scheme Damaged status Not for loan Permanent Location Current Location Shelving location Date acquired Source of acquisition Cost, normal purchase price Total Checkouts Full call number Barcode Date last seen Cost, replacement price Price effective from Koha item type
          Pakistan Navy Engineering College (PNEC) Pakistan Navy Engineering College (PNEC) Reference 05/02/2008 Royal Book Company 10247.00   621.36 YAS PNECLIB-028596 09/13/2014 10247.00 05/02/2008 Book
© 2023 Central Library, National University of Sciences and Technology. All Rights Reserved.